000 00564nam a2200169Ia 4500
008 090201s9999 xx 000 0 und d
010 _aKPL-29581
040 _bमराठी
041 _aमराठी
082 _a32695
_b29581
100 _aग. रा. टिकेकर
245 _aमी: चार्ली चॅपलीन
_cग. रा. टिकेकर
260 _c2004
_bश्रीविशाखा प्रकाशन
300 _a578
_bमोठा
600 _aमी: चार्ली चॅपलीन
942 _cBOOK
999 _c230973
_d230973